FIFA World Cup 2026 - Mexico Squad - Statistics

General Stats
  • This quiz has been taken 9 times
  • The average score is 14 of 27
Answer Stats
Team # Position Club/Country Player % Correct
Mexico 9 ST Fulham FC Raúl Jiménez
100%
Mexico 11 ST AC Milan Santiago Gimenez
100%
Mexico 4 DM Fenerbahce Edson Álvarez
88%
Mexico 13 GK AEL Limassol Guillermo Ochoa
88%
Mexico 8 CM Real Betis Balompié Álvaro Fidalgo
75%
Mexico 14 ST Deportivo Guadalajara Armando González
63%
Mexico 5 CB Genoa CFC Johan Vásquez
63%
Mexico 2 RB PAOK Thessaloniki Jorge Sánchez
63%
Mexico 24 DM Dynamo Moscow Luis Chávez
63%
Mexico 20 LB AZ Alkmaar Mateo Chávez
63%
Mexico 17 CM AEK Athens Orbelín Pineda
63%
Mexico 10 LW Deportivo Toluca Alexis Vega
50%
Mexico Manager Mexico Javier Aguirre
50%
Mexico 21 LW RSC Anderlecht César Huerta
38%
Mexico 19 AM Club Tijuana Gilberto Mora
38%
Mexico 22 ST UNAM Pumas Guillermo Martínez
38%
Mexico 15 RB CF América Israel Reyes
38%
Mexico 23 LB Deportivo Toluca Jesús Gallardo
38%
Mexico 16 ST Al-Qadsiah FC Julián Quiñones
38%
Mexico 7 CB Deportivo Guadalajara Luis Romo
38%
Mexico 18 CM Atlético de Madrid Obed Vargas
38%
Mexico 25 RW Deportivo Guadalajara Roberto Alvarado
38%
Mexico 26 AM Deportivo Guadalajara Brian Gutiérrez
25%
Mexico 12 GK Santos Laguna Carlos Acevedo
25%
Mexico 3 CB Lokomotiv Moscow César Montes
25%
Mexico 6 DM CD Cruz Azul Érik Lira
25%
Mexico 1 GK Deportivo Guadalajara Raúl Rangel
25%
No matching quizzes found
Score Distribution
Percent of People with Each Score
Percentile by Number Answered
Your Score History
You have not taken this quiz